|
|
|
|
| LEADER |
02007nam a2200457Ia 4500 |
| 001 |
EBC3039454 |
| 003 |
MiAaPQ |
| 005 |
20200520144314.0 |
| 006 |
m o d | |
| 007 |
cr cn||||||||| |
| 008 |
041014s2003 ncua gsb 001 0 eng d |
| 020 |
|
|
|z 0807862088
|
| 035 |
|
|
|a (MiAaPQ)EBC3039454
|
| 035 |
|
|
|a (Au-PeEL)EBL3039454
|
| 035 |
|
|
|a (CaPaEBR)ebr10064767
|
| 035 |
|
|
|a (CaONFJC)MIL929256
|
| 035 |
|
|
|a (OCoLC)56356669
|
| 040 |
|
|
|a MiAaPQ
|c MiAaPQ
|d MiAaPQ
|
| 050 |
|
4 |
|a HD3616.M42
|b M67 2003
|
| 100 |
1 |
|
|a Moreno, Julio,
|d 1970-
|
| 245 |
1 |
0 |
|a Yankee don't go home
|h [electronic resource] :
|b Mexican nationalism, American business culture, and the shaping of modern Mexico, 1920-1950 /
|c Julio Moreno.
|
| 260 |
|
|
|a Chapel Hill :
|b University of North Carolina Press,
|c c2003.
|
| 300 |
|
|
|a xi, 321 p. :
|b ill.
|
| 490 |
1 |
|
|a Luther Hartwell Hodges series on business, society, and the state
|
| 504 |
|
|
|a Includes bibliographical references and index.
|
| 533 |
|
|
|a Electronic reproduction. Ann Arbor, MI : ProQuest, 2015. Available via World Wide Web. Access may be limited to ProQuest affiliated libraries.
|
| 610 |
2 |
0 |
|a J. Walter Thompson Company.
|
| 610 |
2 |
0 |
|a Sears, Roebuck and Company.
|
| 650 |
|
0 |
|a Industrial policy
|z Mexico
|x History
|y 20th century.
|
| 650 |
|
0 |
|a Capitalism
|z Mexico
|x History
|y 20th century.
|
| 650 |
|
0 |
|a Consumption (Economics)
|z Mexico
|x History
|y 20th century.
|
| 650 |
|
0 |
|a Advertising
|z Mexico
|x History
|y 20th century.
|
| 650 |
|
0 |
|a Nationalism
|z Mexico
|x History
|y 20th century.
|
| 651 |
|
0 |
|a Mexico
|x Foreign relations
|z United States.
|
| 651 |
|
0 |
|a United States
|x Foreign relations
|z Mexico.
|
| 651 |
|
0 |
|a Mexico
|x Politics and government
|y 1910-1946.
|
| 651 |
|
0 |
|a Mexico
|x Politics and government
|y 1946-1970.
|
| 655 |
|
4 |
|a Electronic books.
|
| 710 |
2 |
|
|a ProQuest (Firm)
|
| 830 |
|
0 |
|a Luther Hartwell Hodges series on business, society, and the state.
|
| 856 |
4 |
0 |
|u https://ebookcentral.proquest.com/lib/matrademy/detail.action?docID=3039454
|z Click to View
|